000 00673cam a22002293a 4500
001 32829
003 PGUSA
005 20140828083718.0
008 100615s2010||||xxu|||||s|||||000 | eng d
040 _aPGUSA
_beng
042 _adc
050 4 _aDA
100 1 _aBerry, Christopher
245 1 2 _aA Concise History and Directory of the City of Norwich for 1811
_h[electronic resource] /
_cChristopher Berry
260 _bProject Gutenberg,
_c2010
506 _aPublic domain in the USA.
516 _aElectronic text
653 _aNorwich (England) -- History
830 0 _aProject Gutenberg
_v32829
856 4 0 _uhttp://www.gutenberg.org/ebooks/32829
942 _cEB
999 _c262084
_d262084